000 00275nam a22001217a 4500
008 180912b xxu||||| |||| 00| 0 eng d
041 _aeng
080 _a618
100 _a10
101 _aGYN
245 _aClinical Onstetrics And Gynecology
_cBaker,D,A
942 _2udc
_cBK
999 _c47702
_d47702